000 00614nam a2200217Ii 4500
001 5563
003 CO-ViMGA
008 241108s9999||||xx |||||||||||||| ||und||
020 _a8432230359
040 _aCO-ViMGA
_bspa
_erda
_cCO-ViMGA
041 0 _aunk
082 0 4 _a833.912-B65c
100 1 _aHeinrich B”ll
_954965
245 1 0 _aCasa sin amo
264 1 _a[Lugar de publicación no identificado] : Seix Barral, 1986
300 _avolumen
336 _atext
_btxt
_2rdacontent
337 _aunmediated
_bn
_2rdamedia
338 _avolume
_bnc
_2rdacarrier
940 _aidficha_siabuc: 5417. -- ficha_no_siabuc:5563
999 _c52297
_d52297